| 000 | 01127nam a22003257a 4500 | ||
|---|---|---|---|
| 001 | 9941 | ||
| 003 | FISKH | ||
| 005 | 20260318144238.0 | ||
| 008 | 260318b cb ||||| |||| 00| 0 eng d | ||
| 020 | _a079808822527 | ||
| 040 |
_aFISKH _beng _cFISKH _dFISKH |
||
| 050 | _aQK49 .B93 | ||
| 082 | _a581 | ||
| 100 | _aBurnie , David | ||
| 245 |
_aPlant : _bDiscover the world of plants in close-up-their structure , natural history , and importance in human life / _cWritten by David Burnie |
||
| 250 | _aFirst American edition , 1989 | ||
| 260 |
_aNew York : _bAlfred A. Knope , _c1989 . |
||
| 300 |
_a63 pages : _bcolor illustrations ; _c28 cm . |
||
| 490 | _aDK Eyewitness Guides | ||
| 505 | _aZ | ||
| 520 | _aA photo essay introduces the world of plants, including the germination of seeds, plant defenses, and uses of plants. | ||
| 521 | 8 |
_a1000
_bLexile |
|
| 521 | 8 |
_aZ
_bRaz-Plus |
|
| 650 |
_aPlants _vJuvenile Literature |
||
| 700 |
_aMcRobb , Andrew _eIllustrator |
||
| 700 |
_aShone, Karl _eIllustrator |
||
| 700 |
_aKing , Dave _eIllustrator |
||
| 942 |
_2ddc _cBK _n0 |
||
| 999 |
_c9941 _d9941 |
||